Can You Name All The Gadgets In Brawl Stars? - Statistics

General Stats
  • This quiz has been taken 2 times
  • The average score is 35 of 208
Answer Stats
Hint Answer % Correct
Shelly Clay Pigeons
100%
Emz Acid Spray
50%
Frank Active Noise Canceling
50%
El Primo Asteroid Belt
50%
Piper Auto Aimer
50%
Hank Barricade
50%
Nita Bear Paws
50%
8-Bit Cheat Cartridge
50%
Ash Chill Pill
50%
Griif Coin Shower
50%
Bonnie Crash Test
50%
8-Bit Extra Credits
50%
Bibi Extra Sticky
50%
Shelly Fast Forward
50%
Nita Faux Fur
50%
Dynamike Fidget Spinner
50%
Carl Flying Hook
50%
Lola Freeze Frame
50%
Emz Friendzoner
50%
Colette Gotcha
50%
Rosa Grow Light
50%
Edgar Hardcore
50%
Carl Heat Ejector
50%
Barley Herbal Tonic
50%
Piper Homemade Recipe
50%
Bea Honey Molasses
50%
Frank Irresistible Attraction
50%
Gus Kooky Popper
50%
Edgar Let's Fly
50%
Tick Mine Mania
50%
Rico Multiball Launcher
50%
Colette Na-ah
50%
Belle Nest Egg
50%
Griif Piggy Bank
50%
Jacky Pneumatic Booster
50%
Poco Protective Tunes
50%
Grom Radio Check
50%
Bea Rattled Hive
50%
Jacky Rebuild
50%
Darryl Recoiling Rotator
50%
Nani Return To Sender
50%
Belle Reverse Polarity
50%
Brock Rocket Fuel
50%
Brock Rocket Laces
50%
Ash Rotten Banana
50%
Penny Salty Barrel
50%
Dynamike Satchel Charge
50%
Pam Scrapsucker
50%
Colt Silver Bullet
50%
Gus Soul Switcher
50%
Jessie Spark Plug
50%
Colt Speedloader
50%
Stu Speed Zone
50%
Gale Spring Ejector
50%
Barley Sticky Syrup Mixer
50%
Bull Stomper
50%
Bo Super Totem
50%
El Primo Suplex Supplement
50%
Ruffs Take Cover
50%
Darryl Tar Barrel
50%
Bull T-Bone Missile
50%
Bo Tripwire
50%
Penny Trusty Spyglass
50%
Gale Twister
50%
Rosa Unfriendly Bushes
50%
Bibi Vitamin Booster
50%
Nani Warpin' Time
50%
Grom Watchtower
50%
Ruffs Air Support
0%
Ollie All Eyez On Me
0%
Sirius A Starr Is Born
0%
Janet Backstage Pass
0%
Finx Back To The Finxture
0%
Byron Booster Shots
0%
Pierce Bottomless Mags
0%
Bolt Boucy Ball
0%
Rico Bouncer Castle
0%
Stu Breaktrough
0%
Chester Candy Beans
0%
Mina Capo-What
0%
Mandy Caramelize
0%
Kit Cardboard Box
0%
Kit Cheeseburger
0%
Mico Clipping Scream
0%
Leon Clone Projector
0%
Alli Cold-Blooded
0%
Mortis Combo Spinner
0%
Mandy Cookie Crumbs
0%
Fang Corn-Fu
0%
Mortis Creature Of The Night
0%
Lou Cryo Syrup
0%
Amber Dancing Flames
0%
Kenji Dashi Dash
0%
Gigi Disappearing Act
0%
Maisie Disengage
0%
Willow Dive
0%
Moe Dodgy Digging
0%
Otis Dormant Star
0%
Doug Double Sausage
0%
Janet Drop The Bass
0%
Ziggy Electric Shuffle
0%
Juju Elementalist
0%
Doug Extra Mustard
0%
Alli Feed The Gators
0%
Maisie FInish Them
0%
Amber Fire Starters
0%
Starr Nova Floaty Time
0%
Trunk For The Queen
0%
Berry Friendship Is Great
0%
Sprout Garden Mulcher
0%
Chuck Ghost Train
0%
Eve Gotta Go
0%
Kaze Gracious Host
0%
Gray Grand Piano
0%
Lumi Grim And Frosbitten
0%
R-T Hacks
0%
Berry Healthy Additives
0%
Kaze Hensojutsu
0%
Lumi Hit The Lights
0%
Kenji Hosomaki Healing
0%
Lou Ice Block
0%
Crow Instapoison
0%
Melodie Interlude
0%
Meg Jolting Volts
0%
Shade Jump Scare
0%
Gene Lamp Blowout
0%
Tick Last Hurrah
0%
Draco Last Stand
0%
Spike Life Plant
0%
Leon Lollipop Drop
0%
Shade Longarms
0%
Gigi Longer Strings
0%
Pearl Made With Love
0%
Sam Magnetic Field
0%
Meeple Mansions Of Meeple
0%
Angelo Master Fletcher
0%
Sirius Master Of Shadows
0%
Glowy More Lumens
0%
Eve Motherly Love
0%
Najia Najia Jar
0%
Finx No Escape
0%
Ziggy Now You See Me
0%
Bolt Oil Change
0%
Larry & Lawrie Order:Fall Back
0%
Larry & Lawrie Order:Swap
0%
R-T Out Of Line
0%
Pearl Overcooked
0%
Melodie Perfect Pitch
0%
Charlie Personal Space
0%
Max Phase Shifter
0%
Otis Phat Splatter
0%
Cordelius Poison Mushroom
0%
Najia Poison Puddles
0%
Spike Popping Pincushion
0%
Mr.P Porter Reinforcements
0%
Surge Power Shield
0%
Surge Power Surge
0%
Mico Presto
0%
Pam Pulse Modulador
0%
Sam Pulse Repellent
0%
Tara Pyshic Enchacer
0%
Meeple Ragequit
0%
Moe Rat Race
0%
Jessie Recoil Spring
0%
Ollie Regulate
0%
Cordelius Replanting
0%
Lily Repot
0%
Chuck Rerouting
0%
Buzz Reserve Buoy
0%
Squeak Residue
0%
Fang RoundHouse Kick
0%
Mr.P Service Bell
0%
Starr Nova Shining Star Of Friendship And Justice
0%
Byron Shot In The Arm
0%
Sandy Sleep Stimulator
0%
Glowy Slippery Savior
0%
Buster Slo-Mo Replay
0%
Crow Slowing Toxin
0%
Clancy Snappy Shooting
0%
Max Sneaky Sneakers
0%
Willow Spellbound
0%
Chester Spicy Dice
0%
Charlie Spiders
0%
Damian Spiritual Healing
0%
Angelo Stinging Flight
0%
Lola Stunt Double
0%
Bonnie Sugar Ruch
0%
Tara Support From Beyond
0%
Sandy Sweet Dreams
0%
Clancy Tactical Retreat
0%
Jae-Yong Time For A Slow Song
0%
Meg Toolbox
0%
Sprout Transplant
0%
Poco Tuning Fork
0%
Draco Upper Cut
0%
Buster Utility Belt
0%
Lily Vanish
0%
Gene Vengeful Spirits
0%
Juju Voodoo Chile
0%
Gray Walking Cane
0%
Damian Wall Of Sound
0%
Hank Water Ballons
0%
Jae-Yong Weekend Warrior
0%
Mina Windmill
0%
Squeak Windup
0%
Trunk Worker Ants
0%
Buzz X-Ray-Shades
0%
Pierce You Only Brawl Twice
0%
No matching quizzes found
Score Distribution
Percent of People with Each Score
Percentile by Number Answered
Your Score History
You have not taken this quiz